| 000 | 00000nam 2200000zi 4500 |
| 001 | 9.947108 |
| 003 | CaOODSP |
| 005 | 20250213131628 |
| 006 | m o d f |
| 007 | cr b|||||||||| |
| 008 | 250120e198903##onca ob f000 0 eng d |
| 040 | |aCaOODSP|beng|erda|cCaOODSP |
| 043 | |an-cn--- |
| 086 | 1 |aCo24-3/2-41-1989E-PDF |
| 245 | 00|aSurvey of clients of DOC research labs and clients of a comparable foreign lab : |bresearch laboratories evaluation, study #4 : final report / |cPeat Marwick Consulting Group. |
| 264 | 1|a[Ottawa] : |bGovernment of Canada, Department of Communications, Program Evaluation Division, |cMarch, 1989. |
| 300 | |a1 online resource (1 volume (various pagings)) : |billustrations. |
| 336 | |atext|btxt|2rdacontent |
| 337 | |acomputer|bc|2rdamedia |
| 338 | |aonline resource|bcr|2rdacarrier |
| 490 | 1 |aBackground study (Canada. Department of Communications. Program Evaluation Division) |
| 500 | |aDigitized edition from print [produced by Innovation, Science and Economic Development Canada]. |
| 500 | |aIncludes some text in French. |
| 504 | |aIncludes bibliographical references. |
| 610 | 10|aCanada. |bCommunications Canada. |bProgram Evaluation Division. |
| 610 | 16|aCanada. |bCommunications Canada. |bDivision de l'eĢvaluation des programmes. |
| 650 | 0|aResearch institutes|zCanada|xEvaluation. |
| 650 | 0|aGovernment communication systems|zCanada. |
| 650 | 6|aCentres de recherche|zCanada|xÉvaluation. |
| 650 | 6|aSystèmes de télécommunications gouvernementales|zCanada. |
| 710 | 1 |aCanada. |bDepartment of Communications, |eissuing body. |
| 710 | 1 |aCanada. |bDepartment of Communications. |bProgram Evaluation Division, |eissuing body. |
| 710 | 2 |aPeat Marwick Consulting Group, |econsultant. |
| 830 | #0|aBackground study (Canada. Department of Communications. Program Evaluation Division)|w(CaOODSP)9.875277 |
| 856 | 40|qPDF|s2.44 MB|uhttps://publications.gc.ca/collections/collection_2025/isde-ised/co24/Co24-3-2-41-1989-eng.pdf |